000 01152cam a2200325 a 4500
001 4016353
003 ARRUPE
005 20211102103846.0
008 970508s1998 coua b 001 0 eng
010 _a 97021300
020 _a155587603X (hc : alk. paper)
020 _a1555877842 (pb : alk. paper)
040 _aDLC
_cDLC
_dDLC
050 0 0 _aJZ5588
_b.B89 1998
082 0 0 _a303.48/2
_221
100 1 _aBuzan, Barry.
_950876
245 1 0 _aSecurity :
_ba new framework for analysis /
_cBarry Buzan, Ole Wæver, and Jaap de Wilde.
260 _aBoulder, Colo. :
_bLynne Rienner Pub. ,
_c1998.
300 _aviii, 239 p. :
_bill.
_c24 cm.
504 _aIncludes bibliographical references and index.
650 0 _aSecurity, International.
_933
650 0 _aNational security.
_950877
650 0 _aRegionalism.
_950878
650 0 _aInternational economic relations.
700 1 _aWæver, Ole,
_d1960-
_950879
700 1 _aWilde, Jaap de.
_950880
906 _a7
_bcbc
_corignew
_d1
_eocip
_f19
_gy-gencatlg
942 _2lcc
_cMONOGRAPH
999 _c131067
_d131067